000 00547cab a2200181 4500
001 WB2431-28
008 090401t1988 xxu||||| |||| 00| 0 eng d
035 _a(Sirsi) u449
041 _aeng
245 _aMajor survey of council property
260 _c1988
350 _a0
490 _aBirmingham Post
_v1/8/88 p5
520 _aBirmingham City Council is planning a major survey of its land and property. The aim is to improve the running of its property portfolio.
690 _aPROPERTY LAW AND PRACTICE
942 _n0
948 _c04/03/1997
999 _c190
_d190